Administración de operaciones : producción y cadena de suministros

Uloženo v:
Podrobná bibliografie
Hlavní autor: Chase, Richard B.
Další autoři: Jacobs, F. Robert, Aquilano, Nicholas J.
Médium: Kniha
Jazyk:Spanish
Vydáno: México : McGraw-Hill 2009
Témata:
Tagy: Přidat tag
Žádné tagy, Buďte první, kdo vytvoří štítek k tomuto záznamu!

MARC

LEADER 00000nam a22000007a 4500
007 658.5 Ch487a12
008 170530b2009 xxua|||| |||| 00| ||spa d
020 |a 9789701070277 
100 |9 8623  |a Chase, Richard B. 
245 |a Administración de operaciones : producción y cadena de suministros 
260 |a  México : McGraw-Hill  |c 2009 
300 |a xx, 776 páginas : ilustraciones a color + 1 disco óptico de computadora (4 3/4 plg.)  
500 |a  Traducción de: Operations and supply management, 12. ed.--Título del material acompañante: Operations and supply management--Impreso en China  
538 |a Requisitos del sistema del material complementario: PC: Pentium, based processor, Microsoft, Windows 2000/XP/vista a DVD drive and DVD software capable of playing a DVD video disc  
650 |x ADMINISTRACION DE LA PRODUCCION  |9 8626 
700 |9 8624  |a Jacobs, F. Robert 
700 |9 8625  |a Aquilano, Nicholas J. 
942 |2 ddc  |c BK 
999 |c 18467  |d 18467